000 00509cab a2200193 4500
001 WB2328-21
008 090401t1987 xxu||||| |||| 00| 0 eng d
035 _a(Sirsi) u44003
041 _aeng
245 _aBuying property overseas
260 _c1987
350 _a0
490 _aTimes
_v11/7/87 p34
520 _aDetails of lenders who are willing to finance properties in Spain and Portugal .
650 _aFINANCIAL INSTITUTIONS
690 _aHOUSING-FINANCE
942 _n0
948 _c04/03/1997
999 _c28052
_d28052